00810nam a2200181Ia 4500008004100000040001800041041000800059245004600067260006700113300003700180500017000217500005900387504004700446650006900493650001700562650002500579700002400604130821s1967 xxua gr eng  aCo-BoUCMbspa00aeng00aNeurogenic bladderceditor, Saul Boyarsky aBaltimore (Maryland, Estados Unidos)bWilliams & Wilkinsc1967 axx, 306 páginasbilustraciones aA symposium held under the auspices of the Vocational Rehabilitation Administration and Duke University Medical Center, Durham, North Carolina, February 18-20, 1965. aLibro disponible en 48 horas a partir de la solicitud. aIncluye bibliografía e índice general.04aEnfermedades del sistema nerviosovCongresos, conferencias, etc.04aNeurología04aVejiga neurogénica1 aBoyarsky, Sauleed.